00694nam a2200217 a 450000100060000000300090000600800410001502000180005604000280007404100080010208200160011010000350012624500710016125000110023226000750024330000110031849000340032965000420036365000390040565000320044425716CO-ViMGA141112s2004 ck r 000 u spa d a9789588366562 aCO-ViMGAbspacCO-ViMGA aSPA04a510.9 R29h11 aPoveda Ramos, Gabriel, 1931 - 10aHistoria de las matemáticas en Colombia / cGabriel Poveda Ramos a1a ed. aMedellín : bUniversidad Autónoma Latinoaméricana UNAULA, c2012 a318 p. aPensamiento LatinoAméricano14aMATEMATICAS - ENSEÑANZA - COLOMBIA 14aMATEMATICAS - HISTORIA - COLOMBIA 14aMATEMATICAS PARA INGENIEROS